| 000 | 00000nam##2200000za#4500 |
| 001 | 9.693267 |
| 003 | CaOODSP |
| 005 | 20210624233605 |
| 007 | cr ||||||||||| |
| 008 | 150407|1994||||xxc|||||o f|0| 0 eng|d |
| 040 | |aCaOODSP|beng |
| 043 | |an-cn--- |
| 086 | 1 |aTU3-2/9401E-PDF |
| 110 | 2 |aTransportation Safety Board of Canada. |
| 245 | 12|aA safety study of survivability in seaplane accidents |h[electronic resource] |
| 260 | |aOttawa - Ontario : |bTransportation Safety Board of Canada |cc1994. |
| 300 | |a27p.|breferences, table |
| 500 | |aThe catalogue number (TU3-2/9401E) and ISBN (0-662-21593-1) for the print edition have been incorrectly copied in this PDF edition. |
| 590 | |a10-10-Supp|b2010-11-09 |
| 690 | 07|aAir safety|2gcpds |
| 775 | 08|tÉtude de sécurité portant sur les possibilités de survie dans les accidents d'hydravions |w(CaOODSP)9.637452 |
| 856 | 40|ahttp://publications.gc.ca|qPDF|s314 KB|uhttps://publications.gc.ca/collections/collection_2010/bst-tsb/TU3-2-9401-eng.pdf |
| 986 | |aReport Number SA9401 |